Enseigner les probabilites en classe de premiere: programmes 1991
Gorde:
| Egile Nagusiak: | , , , , , , |
|---|---|
| Formatua: | Liburua |
| Hizkuntza: | frantsesa |
| Argitaratua: |
Estrasburgo
I.R.E.M
1992
|
| Gaiak: | |
| Etiketak: |
Etiketa erantsi
Etiketarik gabe, Izan zaitez lehena erregistro honi etiketa jartzen!
|
MARC
| LEADER | 00000nam a2200000 a 4500 | ||
|---|---|---|---|
| 001 | UCX8022 | ||
| 003 | CL-VaPUC | ||
| 008 | 940119e19920000FR |||||||||||||||||fre|d | ||
| 082 | 0 | 4 | |a 519.207 |b DUP |2 21 |
| 100 | 0 | |a Dupuis, Claire |e author |9 325019 | |
| 700 | 0 | |a Keyling, Jean-Claude |e author |9 325020 | |
| 700 | 0 | |a koch, Bernard |e author |9 325021 | |
| 700 | 0 | |a Pernoux, Dominique |e author |9 325022 | |
| 700 | 0 | |a Port, Marie-Luce |e author |9 325023 | |
| 700 | 0 | |a Rousset-Bert, Suzette |e author |9 325024 | |
| 700 | 0 | |a Undreiner-Bach, Christine |e author |9 325025 | |
| 245 | 1 | 0 | |a Enseigner les probabilites en classe de premiere: programmes 1991 |
| 300 | |a 111 p | ||
| 942 | |c BK | ||
| 945 | |d 19940119 00:00:00 |a mfernand | ||
| 260 | |a Estrasburgo |b I.R.E.M |c 1992 | ||
| 650 | 7 | |a PROBABILIDADES ENSEÑANZA |2 CL-VaPUC |9 270407 | |
| 650 | 0 | |a Matemáticas |x Enseñanza |9 875527 | |
| 583 | |a last modification |c 20111003 04:36:08 |k Rodrigo Vera | ||
| 999 | |c 227656 |d 227654 | ||
| 952 | |0 0 |1 0 |4 0 |6 519_207000000000000_DUP_1992 |7 0 |8 A |9 226818 |a BIBMAT |b BIBMAT |d 2019-11-15 |i 2959224 |o 519.207 DUP 1992 |p 2959224 |r 2025-01-07 |w 2019-11-15 |y BK |k MAT | ||